| 000 | 01973cam a2200361 4500500 | ||
|---|---|---|---|
| 005 | 20260222011929.0 | ||
| 041 | _afre | ||
| 042 | _adc | ||
| 100 | 1 | 0 |
_aPerget, Florent _eauthor |
| 245 | 0 | 0 | _aAyako d’Osamu Tezuka ou l’enfance mise en cage |
| 260 | _c2024. | ||
| 500 | _a34 | ||
| 520 | _aTezuka’s Ayako – which depicts the story of little Ayako Tengé, an incestuous child born of a patriarch’s oppression and sentenced in a family court to live sequestered – gives us a striking example of child abuse. The following article proposes to question the way Tezuka puts this irregular childhood intro frames, by studying the pattern of confinement and its role on the representation of sequestration as well as on the diegetic structure of the manga. | ||
| 520 | _aDans Ayako, Tezuka donne un exemple frappant d’enfance irrégulière : enfant incestueuse née de l’oppression d’un patriarche sur les membres de sa famille, la petite Ayako Tengé est condamnée lors d’un tribunal familial à vivre séquestrée. Le présent article se propose d’interroger la manière dont l’auteur met en case cette enfance illégitime, par l’étude du motif de l’enfermement et de son rôle sur la représentation de la séquestration ainsi que sur la construction diégétique du manga. | ||
| 690 | _abande dessinée | ||
| 690 | _aenfance illégitime | ||
| 690 | _aenfance irrégulière | ||
| 690 | _ainceste | ||
| 690 | _amanga | ||
| 690 | _aOsamu Tezuka | ||
| 690 | _aséquestration | ||
| 690 | _aviolence | ||
| 690 | _acomics | ||
| 690 | _aillegitimate childhood | ||
| 690 | _aincest | ||
| 690 | _airregular childhood | ||
| 690 | _amanga | ||
| 690 | _aOsamu Tezuka | ||
| 690 | _asequestration | ||
| 690 | _aviolence | ||
| 786 | 0 | _nL'irrégulière | 26 | 1 | 2024-09-23 | p. 41-56 | 1962-9419 | |
| 856 | 4 | 1 | _uhttps://shs.cairn.info/revue-d-histoire-de-l-enfance-irreguliere-2024-1-page-41?lang=fr&redirect-ssocas=7080 |
| 999 |
_c1670029 _d1670029 |
||